| 000 | 00716nam a2200217Ia 4500 | ||
|---|---|---|---|
| 003 | OSt | ||
| 005 | 20250625165154.0 | ||
| 008 | 210719s2019 xx 000 0 und d | ||
| 040 | _cAL | ||
| 041 | _aTulu | ||
| 082 | _aT894.4 NAVP | ||
| 100 |
_aNAVEEN SUVARNA PADRE _dನವೀನ್ ಸುವರ್ಣ ಪಡ್ರೆ _9216155 |
||
| 245 |
_aPatimani katimani: madu madipu nudikat _bಪತಿಮಾನಿ - ಕಟಿ ಮಾನಿ: ಮದು ಮದಿಪು ನುಡಿಕಟ್ |
||
| 260 |
_aSuratkal _c2019 |
||
| 300 |
_axvi,91 _bPB |
||
| 365 |
_b120 _cRs |
||
| 650 |
_aTulu Literature _9216156 |
||
| 650 |
_aTulu Prose _9216157 |
||
| 906 | _akatimani: ; madipu ; madu ; nudikat ; Patimani | ||
| 942 |
_2ddc _cBK |
||
| 999 |
_c211845 _d211845 |
||